000 00516nam a2200205Ia 4500
003 GCL
008 140319s9999 xx 000 0 eng d
040 _aGCL /
_cGCL
082 0 4 _aCH
_b833.087
_bK G
100 1 _aKINCAID, LUCY
245 1 0 _aTANTE MATHILDAS SCHAUKELSTUHL /
_cKINCAID, LUCY
700 1 _aKINCAID, ERIC
260 _a[S.N] :
_bPESTALOZZI- VERLAG ،
_c1993
300 _a29 PP
650 0 4 _aSTUDY AND TEACHING
650 0 4 _aREADING
650 0 4 _aCHILDREN
650 0 4 _aTALES
942 _2ddc
_cBK
999 _c18286
_d18286